Investigations on some Y-Zeolite encapsulated transition metal complexes of schiff bases (Record no. 2175)

MARC details
000 -LEADER
fixed length control field 00794nam a22001697a 4500
005 - DATE AND TIME OF LATEST TRANSACTION
control field 20090805101358.0
008 - FIXED-LENGTH DATA ELEMENTS--GENERAL INFORMATION
fixed length control field 090805t xxu||||| |||| 00| 0 eng d
080 ## - UNIVERSAL DECIMAL CLASSIFICATION NUMBER
Universal Decimal Classification number 66.097:546.302
Item number PRE
100 ## - MAIN ENTRY--PERSONAL NAME
Personal name Preetha Prasad, G.
245 ## - TITLE STATEMENT
Title Investigations on some Y-Zeolite encapsulated transition metal complexes of schiff bases
260 ## - PUBLICATION, DISTRIBUTION, ETC. (IMPRINT)
Place of publication, distribution, etc Cochin
Name of publisher, distributor, etc Department of Applied Chemistry - CUSAT
Date of publication, distribution, etc 2002
300 ## - PHYSICAL DESCRIPTION
Extent 126p.
500 ## - GENERAL NOTE
General note Guide : Mohammed Yusuff, K.K.<br/><br/>Thesis (Ph.D), CUSAT, 2002
653 ## - INDEX TERM--UNCONTROLLED
Uncontrolled term Catalysts
-- Chiral catalyst
-- Transition metal complexes
-- Zeolite encapsulated transition metal complexes
-- Guide : Mohammed Yusuff, K.K.
942 ## - ADDED ENTRY ELEMENTS (KOHA)
item type Theses
260 ## - PUBLICATION, DISTRIBUTION, ETC. (IMPRINT)
-- 1702
Holdings
Lost status Source of classification or shelving scheme Not for loan Home library Current library Date acquired Total Checkouts Full call number Barcode Date last seen Price effective from Koha item type
  Universal Decimal Classification   University Library University Library 05/08/2009   66.097:546.302 PRE G0008256 05/08/2009 05/08/2009 Theses
University Library, CUSAT